| 000 | 00463nam a2200157Ia 4500 | ||
|---|---|---|---|
| 008 | 170224s9999 xx 000 0 und d | ||
| 100 | _aS Mo Jang | ||
| 245 | _aGetting attention online in election coverage: Audience selectivity in the 2012 US presidential election | ||
| 245 | _cS Mo Jang, Yu Won Oh | ||
| 260 | _bNew Media & Society | ||
| 260 | _c2016 | ||
| 300 | _a18:10 | ||
| 500 | _a2016 | ||
| 650 | _xCommunication Arts | ||
| 650 | _xMultimedia Arts | ||
| 999 |
_c316210 _d316210 |
||